Perang, UFO & dajjal

Bibliographic Details
Main Author: Hassan Abdul
Other Authors: A. Jamaluddin
Format: Book
Language:English
Published: Kuala Lumpur Pustaka Widad 2003
Subjects:
LEADER 00904cam a2200253 a 4500
001 0000071181
005 20061016090000.0
040 |a mod 
041 |a eng 
020 0 0 |a 28433991 
090 0 0 |a 297.23  |b HAS  |e 2003 
100 0 0 |a Hassan Abdul 
245 1 0 |a Perang, UFO & dajjal  |c Hassan Abdul & A. Jamaluddin 
260 0 0 |a Kuala Lumpur  |b Pustaka Widad  |c 2003 
300 0 0 |a 242 p.  |b ill.  |c 22 cm 
650 0 0 |a End of the world  |x Islam 
650 0 0 |a Eschatology, Islamic 
700 1 1 |a A. Jamaluddin 
852 0 0 |a 01 
999 |a 0224318  |b 9 BGD  |d BOOKS  |e Umum  |f 9 BGD  |j AVAILABLE  |q GOOD CONDITION 
999 |a 0227360  |b PULMAT   |d BOOKS  |e Umum  |f PULMAT  |j AVAILABLE  |q GOOD CONDITION 
999 |a 0246161  |b PULAMOR  |d BOOKS  |e Umum  |f PULAMOR  |j AVAILABLE  |q GOOD CONDITION 
999 |a 0246315  |b POP TD  |d BOOKS  |e Umum  |f POP TD  |j AVAILABLE  |q GOOD CONDITION 
999 |a PH002771  |b KEMENTAH  |d BOOKS  |e Umum  |f Perpustakaan KEMENTAH  |j AVAILABLE  |q GOOD CONDITION